[Event "New York op"]
[Site "New York"]
[Date "1991.??.??"]
[Round "4"]
[White "Strenzwilk, Denis"]
[Black "Morris, Walter D"]
[Result "0-1"]
[WhiteElo "2210"]
[BlackElo "2350"]
[PlyCount "112"]
[EventDate "1991.03.??"]
[EventType "swiss"]
[EventRounds "9"]
[EventCountry "USA"]
[SourceTitle "CBM 023"]
[Source "ChessBase"]
[SourceDate "1991.08.01"]
[SourceVersion "1"]
[SourceVersionDate "1991.08.01"]
[SourceQuality "1"]

1. e4 c5 2. Nf3 e6 3. d4 cxd4 4. Nxd4 Nc6 5. Nc3 a6 6. g3 d6 7. Bg2 Bd7 8. 0-0 Nge7 9. Be3 Nxd4 10. Bxd4 Nc6 11. Re1 Nxd4 12. Qxd4 Qc7 13. Rad1 Rc8 14. Rd2 Qc5 15. Red1 Qxd4 16. Rxd4 Be7 17. R1d2 0-0 18. Nd1 Bc6 19. c4 g6 20. Ne3 Rc7 21. b3 Rfc8 22. Rd1 Be8 23. h3 h5 24. Kh2 Rc5 25. f4 Kg7 26. a4 b6 27. R4d2 R5c7 28. h4 Rc5 29. Bf3 R5c7 30. Kg2 Bc6 31. Kf2 Be8 32. Be2 Bc6 33. Bf3 Be8 34. Be2 f5 35. exf5 gxf5 36. Bf3 b5 37. axb5 axb5 38. Be2 bxc4 39. bxc4 Rb8 40. Nc2 Kf6 41. Nd4 Rc5 42. Nb5 d5 43. Ra2 dxc4 44. Nd6 Bxd6 45. Rxd6 c3 46. Bd3 Bc6 47. Re2 Bd5 48. Ra6 Rb4 49. Bc2 Bc4 50. Re5 Rb2 51. Raxe6+ Bxe6 52. Rxc5 Rxc2+ 53. Ke3 Rc1 54. Kd3 Rg1 55. Kxc3 Rxg3+ 56. Kd4 Rf3 0-1

[Event "Washington op"]
[Site "Washington DC"]
[Date "1990.??.??"]
[Round "?"]
[White "Morris, Walter D"]
[Black "Shibut, Macon A"]
[Result "1-0"]
[WhiteElo "2345"]
[BlackElo "2260"]
[PlyCount "91"]
[EventDate "1990.??.??"]
[EventType "swiss"]
[EventRounds "9"]
[EventCountry "USA"]
[SourceTitle "EXT 1997"]
[Source "ChessBase"]
[SourceDate "1996.11.15"]
[SourceVersion "1"]
[SourceVersionDate "1996.11.15"]
[SourceQuality "1"]

1. e4 c5 2. Nf3 Nc6 3. d4 cxd4 4. Nxd4 e5 5. Nb5 a6 6. Nd6+ Bxd6 7. Qxd6 Qf6 8. Qd1 Qg6 9. Nc3 d5 10. Nxd5 Qxe4+ 11. Be3 Nd4 12. Nc7+ Ke7 13. Rc1 Rb8 14. c3 Ne6 15. Nd5+ Ke8 16. f3 Qg6 17. Nb6 Ne7 18. Qd6 Nc6 19. Rd1 Nf8 20. Bc5 Be6 21. Qc7 Qg5 22. h4 Qg3+ 23. Bf2 Qg6 24. h5 Qg5 25. Nc4 Bxc4 26. Bxc4 Qe7 27. Qxe7+ Kxe7 28. Bb6 Ne6 29. Kf2 Rbc8 30. Rd2 Nb8 31. Bd5 Nd7 32. Be3 Rc7 33. Rhd1 Nf6 34. Bxe6 fxe6 35. h6 g6 36. Bg5 Rhc8 37. Re1 Rc5 38. Rde2 Rb5 39. a4 Rb3 40. Rxe5 Rxb2+ 41. Kg3 Rc6 42. R1e4 Rd6 43. Rf4 Rdd2 44. Rxf6 Rxg2+ 45. Kf4 Rxg5 46. Rfxe6+ 1-0

[Event "Gausdal Int"]
[Site "Gausdal"]
[Date "1982.??.??"]
[Round "4"]
[White "Morris, Walter D"]
[Black "Tisdall, Jonathan D"]
[Result "1-0"]
[WhiteElo "2325"]
[BlackElo "2410"]
[PlyCount "71"]
[EventDate "1982.08.??"]
[EventType "swiss"]
[EventRounds "9"]
[EventCountry "NOR"]
[SourceTitle "MCD"]
[Source "ChessBase"]
[SourceDate "1999.07.01"]
[SourceVersion "1"]
[SourceVersionDate "1999.07.01"]
[SourceQuality "1"]

1. e4 c5 2. Nf3 e6 3. d4 cxd4 4. Nxd4 a6 5. Bd3 g6 6. 0-0 Bg7 7. c3 d6 8. Be3 Nf6 9. Nd2 0-0 10. a4 e5 11. Nc2 Nc6 12. Nc4 Be6 13. Bb6 Qe7 14. N2e3 Bxc4 15. Nxc4 d5 16. Nd2 dxe4 17. Nxe4 Nxe4 18. Bxe4 Rac8 19. b4 Qe6 20. Bd5 Qf6 21. a5 Rfe8 22. Rb1 e4 23. c4 Qe7 24. Re1 Bc3 25. Rxe4 Qf6 26. Qe2 Rxe4 27. Qxe4 Kg7 28. h3 Qd6 29. Bc5 Qd7 30. Qf3 Bf6 31. Bb6 Qe7 32. b5 Ne5 33. Qe4 Nxc4 34. Qxe7 Bxe7 35. Bxb7 Nxb6 36. axb6 1-0

[Event "CalChess Masters"]
[Site "Berkeley"]
[Date "1981.??.??"]
[Round "5"]
[White "Morris, Walter D"]
[Black "Winslow, Elliott C"]
[Result "1/2-1/2"]
[WhiteElo "2380"]
[BlackElo "2320"]
[PlyCount "82"]
[EventDate "1981.11.??"]
[EventType "swiss"]
[EventRounds "9"]
[EventCountry "USA"]
[SourceTitle "EXT 2006"]
[Source "ChessBase"]
[SourceDate "2005.11.24"]
[SourceVersion "1"]
[SourceVersionDate "2005.11.24"]
[SourceQuality "1"]

1. e4 c5 2. Nf3 e6 3. d4 cxd4 4. Nxd4 Nc6 5. Nb5 Nf6 6. N1c3 d6 7. Bf4 e5 8. Bg5 a6 9. Na3 b5 10. Bxf6 gxf6 11. Nd5 f5 12. Bd3 Be6 13. 0-0 Bg7 14. c4 bxc4 15. Nxc4 0-0 16. Ndb6 Rb8 17. exf5 Bxc4 18. Nxc4 d5 19. Ne3 e4 20. Bc2 d4 21. Ng4 d3 22. Bb3 Nd4 23. f6 Ne2+ 24. Kh1 Bxf6 25. Nxf6+ Qxf6 26. Qd2 Rb5 27. Qe3 Qh4 28. Rae1 Rh5 29. h3 Rf5 30. Kh2 Re8 31. Bd1 Qf4+ 32. Qxf4 Nxf4 33. Ba4 Re7 34. Rc1 Ne2 35. Rc8+ Kg7 36. Rd8 Rc7 37. Bd1 Nf4 38. Bb3 Ne2 39. Re8 Rc1 40. Bd1 Rf4 41. Bxe2 Rxf1 1/2-1/2

[Event "Esbjerg North Sea Cup-05 Group 2"]
[Site "Esbjerg"]
[Date "1980.07.??"]
[Round "3"]
[White "Fleck, Juergen"]
[Black "Morris, Walter D"]
[Result "1/2-1/2"]
[WhiteElo "2310"]
[BlackElo "2380"]
[PlyCount "63"]
[EventDate "1980.07.04"]
[EventType "tourn"]
[EventRounds "13"]
[EventCountry "DEN"]
[SourceTitle "EXT 1998"]
[Source "ChessBase"]
[SourceDate "1997.11.17"]
[SourceVersion "1"]
[SourceVersionDate "1997.11.17"]
[SourceQuality "1"]

1. e4 c5 2. Nf3 d6 3. d4 cxd4 4. Nxd4 Nf6 5. Nc3 a6 6. Bg5 e6 7. f4 Qb6 8. Qd2 Qxb2 9. Rb1 Qa3 10. f5 Nc6 11. fxe6 fxe6 12. Nxc6 bxc6 13. e5 dxe5 14. Bxf6 gxf6 15. Ne4 Be7 16. Be2 h5 17. Rb3 Qa4 18. c4 f5 19. Nd6+ Bxd6 20. Qxd6 Qa5+ 21. Kf2 Ra7 22. Rd1 Kf7 23. Qxc6 Rc7 24. Qf3 Qc5+ 25. Kf1 Kf6 26. Qh3 h4 27. Rd8 Rch7 28. Qd3 e4 29. Qd2 Qe5 30. h3 f4 31. c5 Ke7 32. Qd4 1/2-1/2

[Event "Esbjerg North Sea Cup-05 Group 2"]
[Site "Esbjerg"]
[Date "1980.07.??"]
[Round "5"]
[White "Wicker, Kevin J"]
[Black "Morris, Walter D"]
[Result "1-0"]
[WhiteElo "2340"]
[BlackElo "2380"]
[PlyCount "69"]
[EventDate "1980.07.04"]
[EventType "tourn"]
[EventRounds "13"]
[EventCountry "DEN"]
[SourceTitle "EXT 1998"]
[Source "ChessBase"]
[SourceDate "1997.11.17"]
[SourceVersion "1"]
[SourceVersionDate "1997.11.17"]
[SourceQuality "1"]

1. d4 Nf6 2. c4 g6 3. Nc3 Bg7 4. e4 d6 5. h3 0-0 6. Be3 e5 7. d5 a5 8. g4 Na6 9. Nge2 c6 10. Ng3 Bd7 11. Be2 Qb8 12. g5 Ne8 13. Bg4 f5 14. gxf6 Nxf6 15. Bxd7 Nxd7 16. h4 Nf6 17. h5 Qc8 18. hxg6 hxg6 19. Na4 Qe8 20. Nb6 Rb8 21. Qe2 Nc5 22. Bxc5 dxc5 23. 0-0-0 Qf7 24. Kb1 cxd5 25. cxd5 Nd7 26. Qb5 Nxb6 27. Qxb6 a4 28. Rdg1 a3 29. Nf5 gxf5 30. Qh6 Qf6 31. Rg6 Qxg6 32. Qxg6 Rf6 33. Qh7+ Kf7 34. Rg1 Rg8 35. f4 1-0

[Event "Copenhagen Open-02 (Politiken Cup-01)"]
[Site "Copenhagen"]
[Date "1980.06.25"]
[Round "3"]
[White "Hvenekilde, Jorgen"]
[Black "Morris, Walter D"]
[Result "0-1"]
[WhiteElo "2235"]
[BlackElo "2380"]
[PlyCount "86"]
[EventDate "1980.06.23"]
[EventType "swiss"]
[EventRounds "10"]
[EventCountry "DEN"]
[SourceTitle "EXT 2000"]
[Source "ChessBase"]
[SourceDate "1999.11.16"]
[SourceVersion "1"]
[SourceVersionDate "1999.11.16"]
[SourceQuality "1"]

1. e4 c5 2. Nf3 d6 3. c3 Nf6 4. Be2 e6 5. 0-0 Be7 6. Re1 0-0 7. Bf1 b6 8. d4 Bb7 9. Nbd2 Nc6 10. a3 a5 11. Bd3 Ba6 12. Nf1 Bxd3 13. Qxd3 d5 14. Ng3 dxe4 15. Nxe4 cxd4 16. cxd4 Nxe4 17. Qxe4 Rc8 18. Bf4 Bf6 19. Be5 Nxe5 20. dxe5 Be7 21. Rad1 Qc7 22. h4 h6 23. Re2 Rfd8 24. Red2 Rxd2 25. Rxd2 b5 26. a4 Bb4 27. Rd3 bxa4 28. Kh2 Qb6 29. Rd7 Qxf2 30. Rxf7 Kxf7 31. Qb7+ Be7 32. Qxc8 Qxb2 33. Qd7 Qb3 34. Qd2 Qb4 35. Qf2 Kg8 36. Kh3 a3 37. Qc2 a4 38. g3 Qb3 39. Qc8+ Kf7 40. Nd4 Qd5 41. Qc3 a2 42. Nc2 Qh1+ 43. Kg4 Qe4+ 0-1

[Event "Copenhagen Open-02 (Politiken Cup-01)"]
[Site "Copenhagen"]
[Date "1980.06.23"]
[Round "1"]
[White "Auchenberg, Per"]
[Black "Morris, Walter D"]
[Result "1/2-1/2"]
[WhiteElo "2215"]
[BlackElo "2380"]
[PlyCount "88"]
[EventDate "1980.06.23"]
[EventType "swiss"]
[EventRounds "10"]
[EventCountry "DEN"]
[SourceTitle "EXT 2000"]
[Source "ChessBase"]
[SourceDate "1999.11.16"]
[SourceVersion "1"]
[SourceVersionDate "1999.11.16"]
[SourceQuality "1"]

1. e4 c5 2. Nf3 d6 3. Bb5+ Bd7 4. Bxd7+ Qxd7 5. 0-0 Nc6 6. c3 Nf6 7. Re1 e6 8. d3 Be7 9. Nbd2 0-0 10. a4 Qc7 11. Nc4 Rfd8 12. Bf4 Nh5 13. Bg5 Bxg5 14. Nxg5 Nf6 15. Qe2 h6 16. Nf3 d5 17. Ncd2 e5 18. exd5 Nxd5 19. g3 Re8 20. Nc4 Nb6 21. Nfd2 Nxc4 22. Nxc4 Rad8 23. Qe3 b6 24. Qe4 Qd7 25. Re3 f5 26. Qf3 Qe6 27. Rae1 Qf6 28. Qe2 f4 29. gxf4 Qxf4 30. Nxe5 Nxe5 31. Rxe5 Rxe5 32. Qxe5 Qxa4 33. Qe6+ Kh8 34. Qg6 Qd7 35. Re3 Rf8 36. Kf1 Qa4 37. Re7 Qd1+ 38. Re1 Qf3 39. Qg3 Qf6 40. Re3 Qf7 41. Re4 Rd8 42. Re3 a5 43. Qf3 Qd7 44. Qh5 Qc6 1/2-1/2

[Event "Fyn"]
[Site "Funen"]
[Date "1980.??.??"]
[Round "?"]
[White "Fuller, Maxwell L"]
[Black "Morris, Walter D"]
[Result "1/2-1/2"]
[WhiteElo "2355"]
[BlackElo "2380"]
[PlyCount "49"]
[EventDate "1980.??.??"]
[EventType "tourn"]
[EventRounds "9"]
[EventCountry "DEN"]
[SourceTitle "EXT 2000"]
[Source "ChessBase"]
[SourceDate "1999.11.16"]
[SourceVersion "1"]
[SourceVersionDate "1999.11.16"]
[SourceQuality "1"]

1. e4 c5 2. g3 Nc6 3. Bg2 Nf6 4. Ne2 g6 5. c3 d5 6. exd5 Nxd5 7. d4 c4 8. Nf4 Nb6 9. 0-0 Bg7 10. Nd2 0-0 11. Nf3 Bf5 12. d5 Nb8 13. Nd4 Bc8 14. Be3 Na6 15. Nb5 Bd7 16. a4 Nc8 17. Bd4 Nd6 18. Bxg7 Kxg7 19. Qd4+ Kg8 20. Nxd6 exd6 21. Qxc4 Nc5 22. Nd3 Nxa4 23. Qb4 Bf5 24. Rxa4 Bxd3 25. Re1 1/2-1/2

[Event "Fyn"]
[Site "Funen"]
[Date "1980.??.??"]
[Round "?"]
[White "Holm Pedersen, Sejer"]
[Black "Morris, Walter D"]
[Result "0-1"]
[WhiteElo "2395"]
[BlackElo "2380"]
[PlyCount "80"]
[EventDate "1980.??.??"]
[EventType "tourn"]
[EventRounds "9"]
[EventCountry "DEN"]
[SourceTitle "EXT 2000"]
[Source "ChessBase"]
[SourceDate "1999.11.16"]
[SourceVersion "1"]
[SourceVersionDate "1999.11.16"]
[SourceQuality "1"]

1. d4 Nf6 2. c4 g6 3. Nc3 Bg7 4. e4 d6 5. Be2 0-0 6. Nf3 e5 7. d5 a5 8. 0-0 Na6 9. Ne1 Nc5 10. f3 Nh5 11. g3 b6 12. Ng2 Bh3 13. Be3 f5 14. exf5 gxf5 15. f4 Nf6 16. fxe5 dxe5 17. Qc1 Ng4 18. Bxg4 Bxg4 19. Bxc5 bxc5 20. Qe3 Qd6 21. Na4 f4 22. Qxc5 Qg6 23. Qf2 Bh3 24. Rfe1 Bxg2 25. Kxg2 fxg3 26. Qxg3 Qc2+ 27. Kh1 Qxa4 28. Rxe5 Qxc4 29. Rg1 Rf7 30. Qg2 Raf8 31. Rg5 Qd4 32. Rg4 Qf6 33. Rg3 Kh8 34. b3 Qb2 35. Qh3 Qe5 36. Qe6 Qxe6 37. dxe6 Re7 38. Rc1 Be5 39. Rd3 Bd6 40. Re3 Rf2 0-1

[Event "Fyn"]
[Site "Funen"]
[Date "1980.??.??"]
[Round "?"]
[White "Jensen, Vagn"]
[Black "Morris, Walter D"]
[Result "0-1"]
[WhiteElo "2225"]
[BlackElo "2380"]
[PlyCount "64"]
[EventDate "1980.??.??"]
[EventType "tourn"]
[EventRounds "9"]
[EventCountry "DEN"]
[SourceTitle "EXT 2000"]
[Source "ChessBase"]
[SourceDate "1999.11.16"]
[SourceVersion "1"]
[SourceVersionDate "1999.11.16"]
[SourceQuality "1"]

1. e4 c5 2. d4 cxd4 3. c3 dxc3 4. Nxc3 Nc6 5. Nf3 d6 6. Bc4 a6 7. 0-0 Nf6 8. Be3 e6 9. Qe2 Ng4 10. Bf4 Nge5 11. Rfd1 Qf6 12. Bxe5 Nxe5 13. Nxe5 Qxe5 14. Nd5 exd5 15. Rxd5 Qe7 16. e5 Bd7 17. Rxd6 Bc6 18. Rad1 h5 19. e6 Qxd6 20. exf7+ Kd7 21. Qe6+ Kc7 22. Rxd6 Bxd6 23. Qg6 Rad8 24. Qxg7 Kb8 25. Qf6 Rhf8 26. Be2 Bd5 27. Bxh5 Bxf7 28. Bxf7 Rd7 29. g4 Bc7 30. g5 Rdxf7 31. Qd4 Rxf2 32. g6 R2f6 0-1

[Event "Baerum"]
[Site "Baerum"]
[Date "1980.??.??"]
[Round "3"]
[White "Morris, Walter D"]
[Black "Ogaard, Leif"]
[Result "0-1"]
[WhiteElo "2380"]
[BlackElo "2445"]
[PlyCount "76"]
[EventDate "1980.08.20"]
[EventType "swiss"]
[EventRounds "9"]
[EventCountry "DEN"]
[SourceTitle "MCD"]
[Source "ChessBase"]
[SourceDate "1999.07.01"]
[SourceVersion "1"]
[SourceVersionDate "1999.07.01"]
[SourceQuality "1"]

1. e4 c5 2. Nf3 e6 3. d4 cxd4 4. Nxd4 Nc6 5. Nb5 d6 6. c4 Nf6 7. N1c3 a6 8. Na3 Be7 9. Be2 0-0 10. 0-0 Qa5 11. Be3 Rd8 12. Qe1 Bd7 13. f4 Be8 14. Qf2 Nd7 15. Rac1 Nc5 16. Nab1 Nb4 17. Qg3 Nxa2 18. Nxa2 Qxa2 19. Nc3 Qa5 20. f5 Bf6 21. fxe6 Bxc3 22. exf7+ Bxf7 23. bxc3 Nxe4 24. Qh4 Re8 25. Rxf7 Kxf7 26. Qxh7 Nf6 27. Rf1 Qxc3 28. Bh5+ Ke6 29. Qf5+ Ke7 30. Bg5 Rh8 31. Bg4 Qd4+ 32. Kh1 Qe5 33. Qd7+ Kf8 34. Bf4 Nxd7 35. Bxe5+ Ke7 36. Bxg7 Rhg8 37. Re1+ Kd8 38. Bxd7 Kxd7 0-1

[Event "Baerum"]
[Site "Baerum"]
[Date "1980.??.??"]
[Round "4"]
[White "Morris, Walter D"]
[Black "Tiller, Bjorn"]
[Result "1/2-1/2"]
[WhiteElo "2380"]
[BlackElo "2300"]
[PlyCount "38"]
[EventDate "1980.08.20"]
[EventType "swiss"]
[EventRounds "9"]
[EventCountry "DEN"]
[SourceTitle "MCD"]
[Source "ChessBase"]
[SourceDate "1999.07.01"]
[SourceVersion "1"]
[SourceVersionDate "1999.07.01"]
[SourceQuality "1"]

1. e4 e6 2. d4 d5 3. Nc3 Bb4 4. e5 c5 5. a3 Bxc3+ 6. bxc3 Ne7 7. Nf3 Bd7 8. a4 Qa5 9. Bd2 Nbc6 10. Be2 f6 11. Rb1 Qc7 12. Bf4 0-0-0 13. exf6 Qxf4 14. fxe7 Nxe7 15. a5 c4 16. Ne5 Nc6 17. Nxd7 Rxd7 18. a6 b6 19. 0-0 h5 1/2-1/2

[Event "Lone Pine op Louis D. Statham Masters"]
[Site "Lone Pine"]
[Date "1979.04.01"]
[Round "6"]
[White "Morris, Walter D"]
[Black "Browne, Walter Shawn"]
[Result "1-0"]
[WhiteElo "2345"]
[BlackElo "2540"]
[PlyCount "83"]
[EventDate "1979.03.25"]
[EventType "swiss"]
[EventRounds "9"]
[EventCountry "USA"]
[SourceTitle "EXT 2018"]
[Source "ChessBase"]
[SourceDate "2017.10.13"]
[SourceVersion "1"]
[SourceVersionDate "2017.10.13"]
[SourceQuality "1"]

1. e4 c5 2. Nf3 d6 3. d4 cxd4 4. Nxd4 Nf6 5. Nc3 a6 6. Bg5 e6 7. f4 Be7 8. Qf3 Nbd7 9. 0-0-0 Qc7 10. g4 b5 11. Bxf6 gxf6 12. f5 Nc5 13. Bg2 b4 14. Nce2 e5 15. Nb3 Bb7 16. Ng3 a5 17. Kb1 a4 18. Nd2 a3 19. b3 Rc8 20. Rc1 d5 21. exd5 e4 22. Ngxe4 Nxe4 23. Nxe4 Bxd5 24. Qg3 Qb6 25. Rhd1 Bxe4 26. Bxe4 0-0 27. Rd3 Rfd8 28. Bd5 Bd6 29. Qh4 Bf4 30. Rf1 Qc5 31. Qf2 Be3 32. Rxe3 Rxd5 33. Rd3 Qd6 34. Rxd5 Qxd5 35. Re1 Kg7 36. h4 h6 37. Qf4 Qc6 38. Qd2 Qc5 39. g5 Kh7 40. gxh6 Rd8 41. Qf4 Qc3 42. Qc1 1-0

[Event "Marshall op"]
[Site "New York"]
[Date "1979.??.??"]
[Round "2"]
[White "Chandler, Murray G"]
[Black "Morris, Walter D"]
[Result "1/2-1/2"]
[WhiteElo "2380"]
[BlackElo "2345"]
[PlyCount "66"]
[EventDate "1979.03.??"]
[EventType "swiss"]
[EventRounds "10"]
[EventCountry "USA"]
[SourceTitle "MCD"]
[Source "ChessBase"]
[SourceDate "1999.07.01"]
[SourceVersion "1"]
[SourceVersionDate "1999.07.01"]
[SourceQuality "1"]

1. e4 c5 2. c3 d5 3. exd5 Qxd5 4. d4 e6 5. Nf3 Nf6 6. Bd3 cxd4 7. cxd4 Be7 8. 0-0 0-0 9. Nc3 Qd6 10. Ne5 Nc6 11. Bf4 Qd8 12. Nxc6 bxc6 13. Rc1 a5 14. Na4 Ba6 15. Bxa6 Rxa6 16. Qd3 Qc8 17. Rc4 Rd8 18. Rfc1 Nd5 19. Be5 Bf6 20. Qg3 Bxe5 21. dxe5 Ne7 22. Qe3 Qb8 23. h3 Rd5 24. Re1 Qd8 25. Nc5 Rb6 26. b3 Rb4 27. Rxb4 axb4 28. Nb7 Qa8 29. Nd6 Nc8 30. Nxc8 Qxc8 31. Qb6 c5 32. Rc1 Qf8 33. Qc7 h6 1/2-1/2